000 00420cam a2200169ua 4500
003 OSt
008 250120b |||||||| |||| 00| 0 eng d
020 _a2 9503984 1 3
041 _aeng
082 _a628.162
_bDEG/WA
100 _aDegremont, .
_96969
245 _aWater treatment hand book vol-2 /
250 _a6 /
260 _aParis :
_bLavoisier publishing ,
_c1991.
300 _a1214 ; .
942 _cBK
999 _c5417
_d5417